00309nam a2200121Ia 4500008004100000041000800041082001600049100001200065245003800077260003500115300003000150365000700180240624s9999 xx 000 0 und d aeng a658.562 ZAI aZAIDI A aSPC CONCEPT METHODOLOGY AND TOOLS c2003aNew DelhibPrentice-Hall axi, : 353 : p. : cm. ; 24 cRS